000 01083nam a2200301 c 4500
999 _c343499
_d343499
003 BLK
005 20191002112923.0
008 180911b bul|||||r ||||||| ||bul||
010 _a003160
040 _aBLK
041 _aDEU
_cBUL
080 _aГьоте, Йохан
_x92
_z830.09830(092)73/76(430)92
100 1 _eпърви автор
_9398027
245 1 0 _aFESTGABE zum Goethejahr 1932
246 _bFESTGABE zum Goethejahr 1932
260 _aHalle
_bMax Niemeyer
_c1932
300 _aLII, 88 с
_bс ил.
_c25 см
380 _a82
490 _aFreies Dt. Hochstift
490 _aЧастна колекция - Академик Михаил Арнаудов
_gДарение - Основен фонд
500 _aРекламна обява за издание на Wilhelm Bohm от 1933 г., посветено на Фауст;
520 _aМихаил Арнаудов: негови-изрезка
650 _aБиографии
_9148657
650 _aПисатели
_9166332
655 _aЛитературознание
_9396446
852 _aМА 1264
942 _cKNG
_n0
_s1
944 _aCR
_c1996
_kValK
999 _d343499